[Event "San Francisco TNM Winter op"]
[Site "San Francisco"]
[Date "2009.02.24"]
[Round "8"]
[White "Piccinini, Guido"]
[Black "Morgan, Jerry"]
[Result "0-1"]
[WhiteElo "1349"]
[BlackElo "1393"]
[PlyCount "111"]
[EventDate "2009.01.06"]
[EventType "swiss"]
[EventRounds "8"]
[EventCountry "USA"]
[SourceTitle "EXT 2012"]
[Source "ChessBase"]
[SourceDate "2011.11.24"]
[SourceVersion "1"]
[SourceVersionDate "2011.11.24"]
[SourceQuality "1"]

1. d4 f5 2. Nf3 Nf6 3. e3 d6 4. Bd3 g6 5. b3 Bg7 6. Bb2 0-0 7. 0-0 Ng4 8. h3 Nh6 9. Nbd2 Qe8 10. Rb1 e5 11. dxe5 dxe5 12. Bc4+ Nf7 13. Ng5 h6 14. Nxf7 Rxf7 15. Bxf7+ Qxf7 16. Nf3 Nc6 17. Qd2 Be6 18. Qe2 Rd8 19. Rfd1 Rd6 20. Rxd6 cxd6 21. Qb5 a6 22. Qd3 e4 23. Qxd6 Bxb2 24. Nd4 Bxd4 25. exd4 Qd7 26. Qxd7 Bxd7 27. d5 Nb4 28. Rb2 Nxd5 29. c4 Nf4 30. Rd2 Nd3 31. Kf1 Kf7 32. Ke2 Ke6 33. g3 g5 34. h4 Ke5 35. f3 Bc6 36. fxe4 fxe4 37. Ke3 Kf5 38. Rd1 Kg4 39. hxg5 hxg5 40. Rg1 Nb4 41. Rg2 Kh3 42. Rd2 Nd3 43. g4 Kxg4 44. Rg2+ Kf5 45. Rg3 Ne1 46. Kd2 Nf3+ 47. Ke3 Ke5 48. Rg2 Kf5 49. Rg3 Ke5 50. Rg2 Kf5 51. Rg3 g4 52. Rg2 Kg5 53. Rc2 g3 54. Rg2 Kg4 55. Rc2 Kh3 56. Re2 0-1

[Event "San Francisco TNM Winter op"]
[Site "San Francisco"]
[Date "2009.02.10"]
[Round "6"]
[White "Piccinini, Guido"]
[Black "Cole, Tony"]
[Result "0-1"]
[WhiteElo "1349"]
[BlackElo "1359"]
[PlyCount "102"]
[EventDate "2009.01.06"]
[EventType "swiss"]
[EventRounds "8"]
[EventCountry "USA"]
[SourceTitle "EXT 2012"]
[Source "ChessBase"]
[SourceDate "2011.11.24"]
[SourceVersion "1"]
[SourceVersionDate "2011.11.24"]
[SourceQuality "1"]

1. e4 d5 2. exd5 Qxd5 3. Nc3 Qe5+ 4. Qe2 Nc6 5. Nf3 Qxe2+ 6. Bxe2 Nb4 7. Bd3 Bg4 8. Ne5 Nf6 9. a3 Nxd3+ 10. Nxd3 0-0-0 11. 0-0 e6 12. Ne5 Bh5 13. d3 h6 14. Be3 Bd6 15. Nc4 g5 16. Nxd6+ Rxd6 17. Nb5 Ra6 18. Bd4 e5 19. Bxe5 Re6 20. Bxf6 Rxf6 21. Nxa7+ Kb8 22. Nb5 Rb6 23. a4 c6 24. Nd6 Rxb2 25. Rfc1 Kc7 26. Nc4 Rb4 27. a5 Ra8 28. Re1 Kd8 29. Re3 b5 30. Nb6 Rxa5 31. Rae1 Kc7 32. Nc8 Kxc8 33. Re8+ Kb7 34. c3 Rba4 35. h3 Ra1 36. R8e7+ Kb6 37. f3 Bg6 38. d4 Bd3 39. Kf2 R5a2+ 40. Kg3 Rxe1 41. Rxe1 Rc2 42. Re7 Bg6 43. Re3 h5 44. Kh2 h4 45. Kg1 Ra2 46. Re1 Ra3 47. Rc1 Rb3 48. Kf2 Rb2+ 49. Kg1 Rb1 50. Rxb1 Bxb1 51. Kf2 f5 0-1

[Event "San Francisco TNM Winter op"]
[Site "San Francisco"]
[Date "2009.01.13"]
[Round "2"]
[White "Litowsky, Daniel"]
[Black "Piccinini, Guido"]
[Result "0-1"]
[WhiteElo "1700"]
[BlackElo "1349"]
[PlyCount "66"]
[EventDate "2009.01.06"]
[EventType "swiss"]
[EventRounds "8"]
[EventCountry "USA"]
[SourceTitle "EXT 2012"]
[Source "ChessBase"]
[SourceDate "2011.11.24"]
[SourceVersion "1"]
[SourceVersionDate "2011.11.24"]
[SourceQuality "1"]

1. e4 e5 2. Nc3 d6 3. Bc4 Nc6 4. a3 a6 5. d3 h6 6. h3 Nf6 7. Nf3 Be7 8. 0-0 0-0 9. Ne2 Na5 10. Ba2 Nh7 11. Ng3 Nc6 12. c3 Be6 13. c4 Kh8 14. Be3 f5 15. exf5 Bxf5 16. Nxf5 Rxf5 17. Nh2 Bg5 18. Qd2 Qd7 19. Rad1 Nd4 20. f4 Bxf4 21. Bxf4 exf4 22. Rf2 Raf8 23. Qc3 c5 24. Nf3 Nxf3+ 25. Rxf3 Ng5 26. Rf2 Qf7 27. h4 Ne6 28. Rdf1 Nd4 29. Qe1 Qh5 30. Qe7 R8f7 31. Qxd6 Qxh4 32. b4 Rh5 33. Rxf4 Ne2# 0-1